| 000 | 00418nam a22001697a 4500 | ||
|---|---|---|---|
| 999 |
_c189976 _d189976 |
||
| 005 | 20220715111136.0 | ||
| 010 | _aENG-133600 | ||
| 020 |
_a9789390590124 _c399.00 |
||
| 035 | _aEN-117132 | ||
| 037 | _bDBAD/PUB | ||
| 082 | _aN | ||
| 100 | _aGratz, Alan | ||
| 245 |
_aGround Zero: _bA Novel of 9/11/ _cAlan Gratz |
||
| 260 |
_aNew York _bScholastic Press |
||
| 300 |
_a304p. _c21cm(pbk) |
||
| 942 |
_2ddc _cEN _hN _mGRA |
||